Đường vào Berlin; Kí sự

Gardado en:
Detalles Bibliográficos
Formato: Libro
Idioma:Undetermined
Những chủ đề:
Các nhãn: Engadir etiqueta
Sen Etiquetas, Sexa o primeiro en etiquetar este rexistro!
Thư viện lưu trữ: Trung tâm Học liệu Trường Đại học Cần Thơ
LEADER 00438nam a2200145Ia 4500
001 CTU_32592
008 210402s9999 xx 000 0 und d
020 |b cần thêm chi tiết mô tả 
082 |a 891.7 
082 |b A653 
245 0 |a Đường vào Berlin; 
245 0 |b Kí sự 
650 |a russian literature 
904 |i Nguyễn Quang Điền, 990812 
980 |a Trung tâm Học liệu Trường Đại học Cần Thơ